000 00439nam a2200181Ia 4500
001 10176
005 20260306161812.0
008 260306t1998||||xx |||||||||||||| ||spa||
041 _aESP
082 _a903
_bS22
100 _aSánchez de Madariaga, Elena
_eAUT
245 0 _aConceptos fundamentales de historia
260 _c1998
300 _a128 páginas :
_c17 cm.
650 _aGEN
654 _aCHU
942 _cLIB
_dJUS
_fJUS
_2ddc
_n
999 _c10176
_d10176